Statistics for Smartest Animals

Click here to take the quiz!

General Stats

  • This quiz has been taken 164 times
    (144 since last reset)
  • The average score is 5 of 10

Answer Stats

HintAnswer% Correct
7.Dogs
86%
3.Bottlenose Dolphins
82%
1.Chimpanzees and Gorillas (primates)
82%
2.Elephants
60%
8.Pigs
47%
6.Parrots
40%
5.Rats
31%
10.Octopi/ Octopuses
23%
4.Sheep
14%
9.Pidgeon
0%

Score Distribution

Percentile by Number Answered

Percent of People with Each Score

Your Score History

You have not taken this quiz since the last reset